000 00548nam a2200217Ia 4500
003 OSt
005 20221005115001.0
006 a|||||r|||| 00| 0
007 ta
008 221004b |||||||| |||| 00| 0 sat d
024 _a47413
037 _cTextual
040 _aCRL
_cCRL
_bsat
041 _2sat
_asat
082 _aO15,2D70w, 31M8
100 _aRangachari R.
_9626916
245 0 _aBhavabuthi
650 _aSANSKRIT LITERATURE
942 _hO15,2D70w, 31M8
_cTEXL
_2cc
999 _c1033048
_d1033048